Statistics for Crowd-Sourced General Knowledge #1

Click here to take the quiz!

General Stats

  • This quiz has been taken 53,346 times
    (33,986 since last reset)
  • The average score is 14 of 20

Answer Stats

QuestionAnswer% Correct
What is the traditional Japanese art of folding paper?Origami
94%
What is the oldest university in England?Oxford
91%
What is the smallest country in the world, either by area or population?Vatican City
88%
Who painted a fresco of Jesus's Last Supper around 1495 AD?Leonardo da Vinci
86%
What is the name of the flag of the United Kingdom?Union Flag
81%
What is the most populous city in South Africa?Johannesburg
79%
If you roll doubles three times consecutively and end up in jail,
what are you doing?
Playing {Monopoly}
79%
What is the chemical symbol for lead?Pb
76%
What is a baby kangaroo called?Joey
75%
Who wrote the story "A Christmas Carol"?Charles Dickens
72%
Which city has more passengers fly through its six international airports than any
other city in the world?
London
71%
Which automaker has a name which means "people's car"?Volkswagen
71%
Who led the rats out of the town of Hamelin, and then led the children away
when the townspeople refused to pay him?
The Pied Piper
70%
Who is the firstborn son of British royals William and Kate?George
62%
Who assassinated Abraham Lincoln? John Wilkes Booth
62%
What city is the seat of the Netherlands' government?The Hague
60%
What type of animal was Bambi's friend Flower?Skunk
59%
Where, according to tradition, did the Mayflower land in the year 1620?{Plymouth} Rock
57%
What is the name of Adele's first album?19
53%
What is another name for Uluru?{Ayers} Rock
53%

Score Distribution

Percentile by Number Answered

Percent of People with Each Score

Your Score History

You have not taken this quiz since the last reset